[Event "Hoogovens"]
[Site "Wijk aan Zee"]
[Date "1998.01.30"]
[Round "12"]
[White "Nijboer, Friso"]
[Black "Polgar, Judit"]
[Result "1/2-1/2"]
[WhiteElo "2580"]
[BlackElo "2670"]

1.e4 c5 2.Nf3 e6 3.Nc3 Nc6 4.d4 cxd4 5.Nxd4 Qc7 6.f4 Nxd4 7.Qxd4 a6 8.Be3 b5
9.Be2 Bb7 10.O-O-O Rc8 11.Rd2 Nf6 12.Bf3 Be7 13.g4 d5 14.exd5 b4 15.Na4 Bxd5
16.Bxd5 Nxd5 17.Nb6 Nxb6 18.Qxb6 Qc4 19.Qb7 O-O 20.b3 Qc7 21.Qxc7 Rxc7 22.Re1 Rfc8
23.Ree2 h6 24.Bd4 Rc6 25.Kd1 Kf8 26.Rd3 g5 27.fxg5 hxg5 28.Rh3 Ke8 29.Rh8+ Kd7
30.Rh7 Rd6 31.Rd2 Rf8 32.c4 bxc3 33.Bxc3 Kc6 34.Rxd6+ Bxd6 35.Bf6 Bf4 36.Ke2 e5
37.h4 gxh4 38.Bxh4 Kd5 39.Kf3 Rc8 40.Rxf7 Rc3+ 41.Kg2 Rc2+ 42.Kf3 Rc3+ 43.Kg2 Rc2+
44.Kf3  1/2-1/2

[Event "DEN-chT 9798"]
[Site "Denmark"]
[Date "1998.02.01"]
[Round "5"]
[White "Pedersen, Jan"]
[Black "Skytte, Rasmus"]
[Result "1/2-1/2"]
[WhiteElo "2370"]
[BlackElo "2195"]

1.e4 c5 2.Nf3 e6 3.Nc3 Nc6 4.d4 cxd4 5.Nxd4 Qc7 6.Be2 a6 7.O-O b5 8.Nxc6 Qxc6
9.e5 Bb7 10.Bf3 Qc7 11.Bxb7 Qxb7 12.Qd3 Ne7 13.a4 b4 14.Ne4 Ng6 15.f4 Rc8
16.Be3 Be7 17.Rf2 O-O 18.Rd1 Rc7 19.a5 Rfc8 20.b3 Qc6 21.Bb6 Rb7 22.Re1 Nh4
23.Qxa6 Nf5 24.Qd3 d5 25.exd6 Nxd6 26.Nxd6 Bxd6 27.Be3 Rb5 28.Ra1 Rd5 29.Qc4 Qa8
30.Qf1  1/2-1/2

[Event "FRA-chT"]
[Site "FRA"]
[Date "1998.02.06"]
[Round "1"]
[White "Renet, Olivier"]
[Black "Koglin, Anke"]
[Result "1-0"]
[WhiteElo "2490"]
[BlackElo "2205"]

1.e4 c5 2.Nf3 e6 3.d4 cxd4 4.Nxd4 Nc6 5.Nc3 a6 6.Nxc6 bxc6 7.Bd3 d5 8.O-O Nf6
9.Qe2 Be7 10.Bd2 O-O 11.b3 Re8 12.f4 e5 13.f5 Bb4 14.Rad1 Qa5 15.Na4 Bxd2
16.Rxd2 dxe4 17.Bc4 Bb7 18.c3 Rad8 19.Rfd1 Rxd2 20.Rxd2 Bc8 21.g4 h6 22.h4 e3
23.Rd3 e4 24.Rxe3 Qe5 25.Nb6 Qf4 26.Nxc8 Rxc8 27.Qf2 Qxf2+ 28.Kxf2 Nxg4+
29.Ke2 Nxe3 30.Kxe3 a5 31.Kxe4 Rd8 32.a4 c5 33.Ke5 Kf8 34.Bd5 Ke7 35.h5 Rd7
36.Bc4 Rd2 37.Bb5 f6+ 38.Ke4 Kd6 39.Bc4 Rc2 40.Kd3 Rh2 41.Bf7 Rh4 42.Be8 Kd5
43.Bf7+ Kc6 44.Be8+ Kd6 45.Bf7 Ke5 46.Bg6 Rf4 47.Bh7 Rg4 48.Kc2 Ke4 49.b4 cxb4
50.cxb4 Ke5  1-0

[Event "FRA-chT"]
[Site "FRA"]
[Date "1998.02.07"]
[Round "2"]
[White "Vallet, Marc"]
[Black "Koch, Jean Rene"]
[Result "0-1"]
[WhiteElo "2220"]
[BlackElo "2490"]

1.e4 c5 2.Nf3 e6 3.d4 cxd4 4.Nxd4 Nc6 5.Nc3 Qc7 6.Be2 a6 7.O-O b5 8.Nxc6 dxc6
9.Be3 Bb7 10.f4 Be7 11.Bf3 e5 12.f5 Nf6 13.g4 h6 14.Qe1 Nd7 15.Kg2 Bc5 16.Bd2 Nb6
17.b3 a5 18.a4 b4 19.Ne2 Nd7 20.c3 Qb6 21.Ng3 bxc3 22.Bxc3 Ba6 23.Rh1 Qxb3
24.Bd1 Qb7 25.Bxa5 Qb2+ 26.Be2 Bxe2 27.Bc3 Qc2 28.Rc1 Bf3+ 29.Kxf3 Qd3+ 30.Kg2 Rxa4
31.Rd1 Ra2+ 32.Kh3 Qf3 33.Rxd7 Qg2+ 34.Kh4 Qxh2+  0-1

[Event "Calcutta Goodricke op"]
[Site "Calcutta"]
[Date "1998.02.08"]
[Round "3"]
[White "Neelotpal, Das"]
[Black "Thipsay, Praveen Mahadeo"]
[Result "1-0"]
[WhiteElo "2370"]
[BlackElo "2515"]

1.e4 c5 2.Nf3 e6 3.d4 cxd4 4.Nxd4 Nc6 5.Nc3 Qc7 6.Be2 a6 7.O-O Nf6 8.Kh1 Be7
9.f4 d6 10.Be3 O-O 11.a4 Re8 12.Bf3 Bd7 13.Nb3 b6 14.g4 Bc8 15.g5 Nd7 16.Bg2 Bb7
17.Rf3 g6 18.Rh3 Nb4 19.Qd2 Bf8 20.Rd1 Rab8 21.Qf2 Bg7 22.Rd2 Ba8 23.Nd4 f5
24.Nde2 fxe4 25.Bxe4 Bxe4+ 26.Nxe4 d5 27.N4c3 Nc6 28.Nd4 Nf8 29.Nxc6 Qxc6
30.Bd4 Rb7 31.b3 Bxd4 32.Qxd4 Rf7 33.Re3 Rc8 34.Ne2 Qb7 35.Ng1 Qb8 36.Nh3 Rc6
37.Rc3 Rxc3 38.Qxc3 Qc7 39.Qxc7 Rxc7 40.Nf2 Kf7 41.Kg2 Nd7 42.Nd3 Ke7 43.Kg3 Nc5
44.Nf2 Nb7 45.Ng4 Nd6 46.Nf6 h5 47.Kf2 b5 48.axb5 axb5 49.Re2 Kf7 50.Ke1 Nf5
51.Kd1 b4 52.Rd2 Ke7 53.Kc1 Rc6 54.Kb2 Ne3 55.Kc1 Rc3 56.Re2 Kd6 57.Ne8+ Kc6
58.Nf6 d4 59.Ne4 Kd5 60.Nxc3+ bxc3 61.Rxe3 dxe3 62.Kd1 Ke4 63.Ke2 Kxf4 64.b4 Ke4
65.b5 Kd5 66.Kxe3 Kc5 67.Kd3 Kxb5 68.Kxc3 Kc5 69.Kd3 Kd5 70.h4 Ke5 71.c4 Kf4
72.c5 e5 73.Kc4  1-0

[Event "Novak Nikolic mem 1st"]
[Site "Belgrade"]
[Date "1998.02.11"]
[Round "6"]
[White "Mitrovic, Petar"]
[Black "Cvetkovic, Srdjan"]
[Result "0-1"]
[WhiteElo "2390"]
[BlackElo "2430"]

1.e4 c5 2.Nf3 e6 3.Nc3 Nc6 4.d4 cxd4 5.Nxd4 a6 6.Bf4 d6 7.Nb3 Nf6 8.Qd2 Qc7
9.O-O-O Ne5 10.h4 Be7 11.h5 h6 12.f3 b5 13.Kb1 Bd7 14.Re1 Rc8 15.Nd1 Nc4
16.Qf2 a5 17.Bxc4 bxc4 18.Nc1 e5 19.Bd2 Rb8 20.Qg3 Be6 21.Ka1 Kf8 22.Bc3 Kg8
23.Ne3 Kh7 24.Rd1 Rb5 25.Qe1 Rhb8 26.a4 Rc5 27.Kb1 Qc6 28.Ne2 Qxa4 29.Kc1 d5
30.exd5 Nxd5 31.Nxd5 Qa1+ 32.Kd2 Rxd5+  0-1

[Event "Budapest FS02 IM"]
[Site "Budapest"]
[Date "1998.02.12"]
[Round "6"]
[White "Brustkern, Juergen"]
[Black "Dolgener, Tobias"]
[Result "1/2-1/2"]
[WhiteElo "2230"]
[BlackElo "2270"]

1.e4 c5 2.Nc3 Nc6 3.Nf3 e6 4.d4 cxd4 5.Nxd4 Qc7 6.Be3 a6 7.Bd3 Nf6 8.O-O b5
9.a3 Bb7 10.Qe2 Be7 11.f4 d6 12.Nxc6 Bxc6 13.Rae1 O-O 14.Kh1 Rfe8 15.Bd2 e5
16.fxe5 dxe5 17.Bg5 Rad8 18.Bxf6 Bxf6 19.Qg4 Rd6 20.Nd5 Bxd5 21.exd5 g6 22.c4 bxc4
23.Bxc4 Bg7 24.Qe2 a5 25.b3 e4 26.Bb5 Re5 27.Rc1 Qb7 28.Rc5 Bf8 29.Bc4 Qb6
30.Rb5  1/2-1/2

[Event "Budapest FS02 GM"]
[Site "Budapest"]
[Date "1998.02.13"]
[Round "7"]
[White "Hodjko, Vjaceslav"]
[Black "Fogarasi, Tibor"]
[Result "0-1"]
[WhiteElo "2380"]
[BlackElo "2440"]

1.e4 c5 2.Nf3 e6 3.d4 cxd4 4.Nxd4 Nc6 5.Nc3 Qc7 6.Be2 a6 7.O-O Nf6 8.Be3 Be7
9.f4 d6 10.Kh1 O-O 11.a4 Re8 12.g4 d5 13.e5 Ne4 14.Bd3 Nc5 15.Rf3 Bd7 16.Bxh7+ Kxh7
17.Rh3+ Kg8 18.g5 g6 19.f5 exf5 20.Nxd5 Qd8 21.Nxe7+ Qxe7 22.Nf3 Rad8 23.Qe1 f4
24.Rh6 Bg4  0-1

[Event "Cappelle op"]
[Site "Cappelle la Grande"]
[Date "1998.02.27"]
[Round "8"]
[White "Goloshchapov, Alexander"]
[Black "Kobalija, Mihail"]
[Result "1/2-1/2"]
[WhiteElo "2400"]
[BlackElo "2500"]

1.e4 c5 2.Nf3 e6 3.d4 cxd4 4.Nxd4 Nc6 5.Nc3 Qc7 6.Be2 a6 7.O-O Nf6 8.Be3 Bb4
9.Na4 Be7 10.c4 d6 11.Nc3 O-O 12.Rc1 Ne5 13.b3 Bd7 14.f4 Ng6 15.g3 Rfe8 16.Bf3  1/2-1/2

[Event "Belgrade (Women)"]
[Site "Belgrade"]
[Date "1998.03.06"]
[Round "3"]
[White "Bojkovic, Natasa"]
[Black "Cramling, Pia"]
[Result "1/2-1/2"]
[WhiteElo "2420"]
[BlackElo "2535"]

1.e4 c5 2.Nf3 e6 3.d4 cxd4 4.Nxd4 Nc6 5.Nc3 Qc7 6.Be2 a6 7.O-O b5 8.Nxc6 dxc6
9.a4 Rb8 10.f4 Bb7 11.Be3 Rd8 12.Qe1 b4 13.Nb1 Nf6 14.Nd2 c5 15.f5 exf5 16.Rxf5 Be7
17.Qf2 O-O 18.Rf1 Nxe4 19.Nxe4 Bxe4 20.Rxf7 Bd5 21.Bf4 Rxf7 22.Bxc7 Rxf2
23.Rxf2  1/2-1/2

[Event "Varsity Oxbridge Match"]
[Site "London"]
[Date "1998.03.07"]
[Round "?.2"]
[White "Rowson, Jonathan"]
[Black "Kelly, Bryan"]
[Result "1-0"]
[WhiteElo "2485"]
[BlackElo "2390"]

1.e4 c5 2.Nf3 e6 3.d4 cxd4 4.Nxd4 Nc6 5.Nc3 d6 6.Be3 a6 7.Qd2 Nf6 8.O-O-O Be7
9.f4 O-O 10.Be2 Bd7 11.g4 Nxd4 12.Qxd4 Bc6 13.g5 Nd7 14.Rhg1 e5 15.fxe5 Nxe5
16.Rg3 Rc8 17.Bc4 Nxc4 18.Qxc4 b5 19.Qb3 Qd7 20.g6 Qe6 21.gxh7+ Kh8 22.Bd4 Qh6+
23.Kb1 Bf6 24.Bxf6 Qxf6 25.Qb4 Rfd8 26.Rgd3 Qh4 27.Rg3 Qf6 28.Rdg1 g6 29.h4 Kxh7
30.h5 Rg8 31.Rg5 Kh6 32.e5 dxe5 33.Qh4 Kg7 34.hxg6 fxg6 35.Ne4 Bxe4 36.Qxe4 Kf8
37.Rxe5 Rd8 38.Qb4+ Qd6 39.Rf1+ Kg7 40.Re7+  1-0

[Event "Amber-blind 7th"]
[Site "Monte Carlo"]
[Date "1998.03.13"]
[Round "1"]
[White "Shirov, Alexei"]
[Black "Lautier, Joel"]
[Result "0-1"]
[WhiteElo "2710"]
[BlackElo "2645"]

1.e4 c5 2.Nf3 e6 3.d4 cxd4 4.Nxd4 Nc6 5.Nc3 Qc7 6.Be3 a6 7.Be2 Nf6 8.O-O Bb4
9.Na4 Be7 10.c4 Nxe4 11.c5 O-O 12.Rc1 f5 13.g3 Rb8 14.Qb3 Kh8 15.Rfd1 d5
16.cxd6 Bxd6 17.Nxe6 Bxe6 18.Qxe6 Rbe8 19.Qb3 Nxf2 20.Bxf2 Rxe2 21.Qd5 Rf6
22.Bd4 Rh6 23.Bc5 Bxg3 24.hxg3 Qxg3+ 25.Kf1 Rhe6  0-1

[Event "Amber-blind 7th"]
[Site "Monte Carlo"]
[Date "1998.03.14"]
[Round "2"]
[White "Anand, Viswanathan"]
[Black "Ljubojevic, Ljubomir"]
[Result "1/2-1/2"]
[WhiteElo "2770"]
[BlackElo "2565"]

1.e4 c5 2.Nf3 e6 3.d4 cxd4 4.Nxd4 Nc6 5.Nc3 Qc7 6.Be2 Nf6 7.O-O a6 8.Be3 Bb4
9.Na4 Be7 10.c4 Nxe4 11.c5 O-O 12.Rc1 f5 13.g3 Bg5 14.Bxg5 Nxg5 15.Nb6 Rb8
16.Nc4 Nf7 17.Nf3 Rd8 18.Qb3 b5 19.cxb6 Qb7 20.Qe3 d5 21.Nce5 Ncxe5 22.Nxe5 Nxe5
23.Qxe5 Qxb6 24.Rc7 Bd7 25.b3 Rbc8 26.Rfc1 a5 27.a4 Qb8 28.Ba6 Rxc7 29.Rxc7 h6
30.Qd6 Kh7 31.Qc5 Qb4 32.Qxb4 axb4 33.Bd3 Kg6 34.f4 Kf6 35.Rb7 e5 36.fxe5+ Kxe5
37.Rxb4 Rc8 38.Kf2 g5 39.Rb7 Rc3 40.Ke2 Bc8 41.Rb4 f4 42.Kd2 Rc5 43.gxf4+ gxf4
44.Rb5 Rc7 45.b4 Rg7 46.Rc5 Rg2+ 47.Kc3 Be6 48.a5 Ra2 49.a6 Ra3+ 50.Kd2 Kd4
51.Bf1 Ra4 52.Rc7 Rxb4 53.a7 Ra4 54.Rc6 Ra2+ 55.Ke1 Bd7 56.Ra6 Rxa6 57.Bxa6 Bc6
58.Ke2 Kc5 59.Kf3 Kb6 60.Bf1 Kxa7 61.Kxf4 Kb6 62.Kf5 Be8 63.Ke5 Kc5 64.h4 d4
65.Bd3 Bf7 66.Be2 Bg6 67.h5 Bf7 68.Kf6 Bc4 69.Bd1 Bf1 70.Bc2 Kc4 71.Kg7  1/2-1/2

[Event "Clarin GP f"]
[Site "Villa Gisell"]
[Date "1998.03.14"]
[Round "8"]
[White "Ginzburg, Maximiliano"]
[Black "Sunye Neto, Jaime"]
[Result "1/2-1/2"]
[WhiteElo "2470"]
[BlackElo "2515"]

1.e4 c5 2.Nf3 e6 3.d4 cxd4 4.Nxd4 Nc6 5.Nc3 a6 6.g3 Qc7 7.Bg2 Nf6 8.O-O Nxd4
9.Qxd4 Bc5 10.Qd3 h6 11.Na4 Ba7 12.c4 d6 13.Be3 Bxe3 14.Qxe3 Nd7 15.Rfd1 e5
16.Qa3 Nc5 17.Nc3 O-O 18.Nd5 Qd8 19.Ne3 g6 20.Rd2 b6 21.Rad1 Nb7 22.f4 Re8
23.Qc3 f6 24.b4 a5 25.a3 axb4 26.axb4 Kg7 27.Rf1 Rf8 28.Nd5 Be6 29.fxe5 fxe5
30.Rxf8 Kxf8 31.Qe3 Ra1+ 32.Bf1 Kg7 33.Nxb6 Rb1 34.b5 Nc5 35.Nd5 Qg5 36.Qxg5 hxg5
37.Ne3 Nxe4 38.Rd1 Rb3 39.Rd3 Rb1 40.Rd1 Rb3 41.Rd3 Rb1 42.Rd1 Rb3  1/2-1/2

[Event "AUT-chT2S 9798"]
[Site "Austria"]
[Date "1998.03.15"]
[Round "11"]
[White "Demuth, Markus"]
[Black "Schroecker, Maria Luise"]
[Result "1/2-1/2"]
[WhiteElo "2230"]
[BlackElo "2130"]

1.e4 c5 2.Nf3 Nc6 3.d4 cxd4 4.Nxd4 e6 5.Nc3 Qc7 6.Be2 a6 7.f4 d6 8.f5 Nf6
9.g4 h6 10.g5 hxg5 11.Bxg5 Be7 12.fxe6 Bxe6 13.Qd2 Rh3 14.Bf4 Nxd4 15.Qxd4 Qc5
16.O-O-O Rxc3 17.bxc3 Qa3+ 18.Kd2 d5 19.Ke1 Nxe4 20.Rd3 Bf6 21.Be5 Qc1+ 22.Bd1 Bg5
23.h4 Be7 24.Qe3 Qa3 25.Bxg7 O-O-O 26.h5 Bg5 27.Qd4 Qe7 28.Bf3 Bh4+ 29.Ke2 Ng3+
30.Kd1 Nxh1 31.Bxh1 Bf5 32.Re3 Be4 33.h6 Qg5 34.Be5 Qg1+ 35.Kd2 Bg5 36.Qc5+ Kd7
37.Bxe4 Bxe3+ 38.Qxe3 Qxe3+ 39.Kxe3 dxe4 40.h7 f5 41.h8=Q Rxh8 42.Bxh8 Ke6
43.Kf4 Kd5 44.Kxf5 e3 45.Bd4 Kc4 46.Bxe3 Kxc3 47.Bb6 Kxc2 48.Ke5 Kb2 49.a4 a5  1/2-1/2

[Event "JUG-ch53"]
[Site "Belgrade "]
[Date "1998.03.15"]
[Round "2"]
[White "Knezevic, Bojan"]
[Black "Djuric, Stefan"]
[Result "1/2-1/2"]
[WhiteElo "2420"]
[BlackElo "2520"]

1.e4 e6 2.d4 c5 3.Nf3 cxd4 4.Nxd4 Nc6 5.Nc3 a6 6.Be2 Qc7 7.a3 Nf6 8.Be3 Be7
9.f4 d6 10.O-O O-O 11.Kh1 Bd7 12.Qe1 b5 13.Qg3 Kh8 14.Rad1 b4 15.axb4 Nxb4
16.e5 Nfd5 17.Nxd5 Nxd5 18.Bc1 dxe5 19.fxe5 Bc5 20.Bd3 f5 21.Bc4 Bxd4 22.Rxd4 Bb5
23.b3 Rac8 24.Ba3 f4 25.Qe1 Rf5 26.Bxd5 Bxf1 27.Be4 Qxe5 28.Qd2 h6 29.Bxf5 Qxf5
30.Rxf4 Qg5 31.Rf8+ Rxf8  1/2-1/2

[Event "New York op"]
[Site "New York"]
[Date "1998.03.16"]
[Round "1"]
[White "Georgiev, Kiril"]
[Black "Dorobanov, Svetos"]
[Result "1-0"]
[WhiteElo "2675"]
[BlackElo "2340"]

1.e4 c5 2.Nf3 e6 3.d4 cxd4 4.Nxd4 Nc6 5.Nc3 Qc7 6.g3 a6 7.Bg2 Nf6 8.O-O Nxd4
9.Qxd4 Bc5 10.Bf4 d6 11.Qd2 h6 12.Rad1 e5 13.Be3 Ke7 14.Bxc5 Qxc5 15.Na4 Qc7
16.f4 a5 17.Qd3 b5 18.Nc3 Be6 19.Nxb5 Qc5+ 20.Kh1 Bc4 21.Qxd6+ Qxd6 22.Nxd6 Bxf1
23.Nf5+ Kf8 24.Rxf1 Re8 25.Nd6 Re6 26.Nc4 Ke7 27.Nxe5 Rc8 28.Rf2 Rd8 29.Bf3 Rd4
30.Re2 g5 31.c3 Rd1+ 32.Kg2 g4 33.Nxg4 Nxg4 34.Bxg4 Red6 35.a4 R6d2 36.b3 Rxe2+
37.Bxe2 Rb1 38.Bc4 Rc1 39.Kh3 Rxc3 40.Kg4 Rc2 41.h4 Rc3 42.h5 Re3 43.e5 Rc3
44.Kh4 Rf3 45.Kh3 Re3 46.Kg2 Re1 47.Kf2 Rh1 48.Bf1 Rxh5 49.Kg2 Rf5 50.Bd3 Rh5
51.Be2  1-0

[Event "POL-ch"]
[Site "Ksiaz"]
[Date "1998.03.19"]
[Round "7"]
[White "Kaminski, Marcin"]
[Black "Macieja, Bartlomiej"]
[Result "1/2-1/2"]
[WhiteElo "2535"]
[BlackElo "2485"]

1.e4 c5 2.Nf3 Nc6 3.d4 cxd4 4.Nxd4 e6 5.Nc3 Qc7 6.g3 a6 7.Bg2 d6 8.O-O Bd7
9.Nxc6 Bxc6 10.Re1 Be7 11.Qg4 h5 12.Qe2 Nf6 13.h3 Rg8 14.a4 g5 15.a5 h4 16.g4 Rc8
17.Bd2 Qd8 18.b3 d5 19.exd5 Nxd5 20.Nxd5 Bxd5 21.Bxd5 Qxd5 22.c4 Qc6 23.Bc3 Rd8
24.Rac1 Rg6 25.b4 Bf6 26.Qe3 Bxc3 27.Rxc3 Qd7 28.c5 Qd4 29.c6 bxc6 30.Rxc6 Rf6
31.Rxa6 Qxb4 32.Ra7 Qd2 33.a6 Qxe3 34.Rxe3 Rd1+ 35.Kg2 Rd2 36.Rf3 Rxf3 37.Kxf3 Ra2
38.Ke4 Kf8 39.f4 Ra4+ 40.Ke5 Rxf4 41.Rb7 Kg7 42.a7 Ra4 43.Kd6 Kg6 44.Kc7 f5
45.Kb6 fxg4 46.hxg4 h3 47.Re7 h2 48.Rxe6+ Kg7 49.Re7+ Kg6 50.Re6+ Kg7 51.Re1 Ra2
52.Rh1 Rb2+ 53.Kc7 Ra2 54.Kb7 Rb2+ 55.Kc7 Ra2  1/2-1/2

[Event "Szeged TT03 IM"]
[Site "Szeged"]
[Date "1998.03.19"]
[Round "1"]
[White "Gal, Jozsef"]
[Black "Dovzik, Juri"]
[Result "1/2-1/2"]
[WhiteElo "2325"]
[BlackElo "2375"]

1.e4 c5 2.Nf3 e6 3.d4 cxd4 4.Nxd4 Nc6 5.Nc3 Qc7 6.Be2 a6 7.Be3 Nf6 8.O-O Bb4
9.f3 O-O 10.Nxc6 bxc6 11.a3 Be7 12.f4 d6 13.Qe1 Rb8 14.b3 c5 15.Qg3 Bb7 16.f5 Kh8
17.Bd3 exf5 18.Rxf5 g6 19.Rxc5 Qd8 20.Rc4 Kg8 21.Rd1 Nd7 22.Nd5 Ne5 23.Nxe7+ Qxe7
24.Rd4 Nxd3 25.cxd3 d5 26.Rb4 a5 27.Rb5 Qd7 28.a4 dxe4 29.d4 Rbc8 30.Qh4  1/2-1/2

[Event "New York op"]
[Site "New York"]
[Date "1998.03.21"]
[Round "8"]
[White "Mainka, Romuald"]
[Black "Epishin, Vladimir"]
[Result "0-1"]
[WhiteElo "2500"]
[BlackElo "2590"]

1.e4 c5 2.Nf3 e6 3.d4 cxd4 4.Nxd4 Nc6 5.Nc3 Qc7 6.Be3 a6 7.Bd3 Nf6 8.O-O Ne5
9.h3 Bc5 10.Na4 Ba7 11.c4 O-O 12.Rc1 Rd8 13.b3 Qb8 14.Nc3 Bc5 15.Bb1 d6 16.Qe2 Bd7
17.Rfe1 h6 18.Kh1 Ng6 19.Nc2 Bc6 20.b4 Bxe3 21.Nxe3 b5 22.cxb5 axb5 23.Ncd5 exd5
24.Rxc6 dxe4 25.Nf5 Ne5 26.Bxe4 Ra4 27.Rc3 Rxb4 28.Bc2 Ng6 29.Re3 d5 30.Qd2 Rc4
31.Rg3 Qf4 32.Qa5 Qc7 33.Qxc7 Rxc7 34.Nd4 Rc4 35.Rd1 Ne4 36.Rf3 Ne5 37.Rf5 Nc3
38.Re1 f6 39.Rf4 Rd7 40.Bb3 Rc8 41.Nf5 Nd3 42.Re7 Rxe7 43.Nxe7+ Kf7 44.Nxd5 Nxf4
45.Nxc3+ Ke7 46.Nxb5 Nd3 47.a4 Nxf2+ 48.Kh2 Nd3 49.a5 Ra8 50.Nd4 Ne5  0-1

[Event "Jagodina"]
[Site "Jagodina"]
[Date "1998.03.23"]
[Round "1"]
[White "Brenjo, Slavisa"]
[Black "Antic, Dejan"]
[Result "1-0"]
[WhiteElo "2450"]
[BlackElo "2460"]

1.e4 c5 2.Nf3 e6 3.d4 cxd4 4.Nxd4 Nc6 5.Nc3 a6 6.Be2 d6 7.O-O Nf6 8.Be3 Be7
9.f4 O-O 10.a4 Qc7 11.Kh1 Re8 12.Qe1 Nxd4 13.Bxd4 e5 14.fxe5 dxe5 15.Qg3 Bd8
16.Be3 Kh8 17.Rad1 Be6 18.Rf2 Be7 19.Rdf1 Bc5 20.Bxc5 Qxc5 21.Qg5 h6 22.Qh4 Nh7
23.Bh5 Ng5 24.Qg3 Bc4 25.Re1 Re7 26.Bg4 Rd8 27.h4 Nh7 28.b3 Be6 29.Bxe6 fxe6
30.Ref1 Kg8 31.Nd1 Qd4 32.Ne3 Qxe4 33.Ng4 Rd4 34.Rf8+  1-0

[Event "POL-ch"]
[Site "Ksiaz"]
[Date "1998.03.26"]
[Round "13"]
[White "Macieja, Bartlomiej"]
[Black "Gdanski, Jacek"]
[Result "1-0"]
[WhiteElo "2485"]
[BlackElo "2520"]

1.e4 c5 2.Nf3 e6 3.d4 cxd4 4.Nxd4 Nc6 5.Nc3 d6 6.Be3 a6 7.Qd2 Qc7 8.O-O-O Nf6
9.f3 Be7 10.g4 h6 11.h4 Ne5 12.Rg1 Nfd7 13.f4 Nc4 14.Bxc4 Qxc4 15.g5 hxg5
16.hxg5 g6 17.Rh1 Rg8 18.f5 Ne5 19.f6 Bf8 20.Qh2 b5 21.Qh7 Bb7 22.Qxg8 O-O-O
23.Nb3 d5 24.Rh8 Qc7 25.exd5 Nc4 26.Qxf8  1-0

[Event "JUG-ch53"]
[Site "Belgrade "]
[Date "1998.03.28"]
[Round "14"]
[White "Kovacevic, Aleksandar"]
[Black "Kontic, Djordje"]
[Result "0-1"]
[WhiteElo "2515"]
[BlackElo "2330"]

1.e4 c5 2.Nf3 e6 3.d4 cxd4 4.Nxd4 Nc6 5.Nc3 Qc7 6.Be2 a6 7.O-O Nf6 8.Be3 Bb4
9.Na4 Be7 10.c4 d6 11.Nc3 O-O 12.Rc1 Ne5 13.f4 Nxc4 14.Bxc4 Qxc4 15.Nd5 Nxd5
16.Rxc4 Nxe3 17.Qd3 Nxc4 18.Qxc4 d5 19.exd5 exd5 20.Qxd5 Rd8 21.Qc4 Bd7 22.Kh1 Bf6
23.Re1 Rac8 24.Qb4 a5 25.Qb6 Bh4 26.g3 Bf6 27.Re4 Rc4 28.Kg1 Rb4 29.Qc7 Rxd4
30.Rxd4 Bxd4+ 31.Kf1 Bh3+ 32.Ke2 Bg4+ 33.Kf1 Rc8 34.Qxb7 Rc1+  0-1

[Event "FRA-chT"]
[Site "FRA"]
[Date "1998.04.02"]
[Round "4"]
[White "Carton, Camille"]
[Black "Borne, Niels"]
[Result "1/2-1/2"]
[WhiteElo "2080"]
[BlackElo "2305"]

1.e4 c5 2.Nf3 e6 3.d4 cxd4 4.Nxd4 Nc6 5.Nc3 a6 6.Be3 Qc7 7.Be2 Nf6 8.O-O b5
9.Nxc6 dxc6 10.a3 Be7 11.f4 O-O 12.e5 Nd5 13.Nxd5 cxd5 14.Bd3 f5 15.b4 a5
16.Qd2 axb4 17.axb4 Bd7 18.c3 Qb7 19.Qb2 Rxa1 20.Rxa1 Ra8 21.Ra3 Ra4 22.Bc2 Ra8
23.Bd3 Ra4  1/2-1/2

[Event "CZE-chT 9798"]
[Site "CZE"]
[Date "1998.04.04"]
[Round "10"]
[White "Jirovsky, Petr"]
[Black "Novak, Pavel"]
[Result "1-0"]
[WhiteElo "2365"]
[BlackElo "2185"]

1.e4 c5 2.Nf3 Nc6 3.d4 cxd4 4.Nxd4 e6 5.Nc3 Qc7 6.Be2 a6 7.O-O Nf6 8.Be3 Bb4
9.Bd3 Nxd4 10.Bxd4 e5 11.Be3 Bxc3 12.bxc3 Qxc3 13.Rb1 O-O 14.Rb6 d5 15.Rxf6 gxf6
16.Bh6 f5 17.exf5 e4 18.Qg4+ Kh8 19.Bxf8 exd3 20.Qg5 Bxf5 21.Be7  1-0

[Event "Budapest FS04 IM"]
[Site "Budapest"]
[Date "1998.04.05"]
[Round "2"]
[White "Hagesaether, Halvard"]
[Black "Belotelov, Dimitri"]
[Result "1-0"]
[WhiteElo "2215"]
[BlackElo "2305"]

1.e4 c5 2.Nf3 e6 3.d4 cxd4 4.Nxd4 Nc6 5.Nc3 a6 6.Nxc6 bxc6 7.Bd3 d5 8.O-O Nf6
9.Re1 Be7 10.e5 Nd7 11.Qg4 Bf8 12.f4 f5 13.exf6 Nxf6 14.Qe2 Bc5+ 15.Kh1 O-O
16.Na4 Bd6 17.Be3 Rb8 18.c4 dxc4 19.Bxc4 Nd5 20.Rad1 Rb4 21.b3 Bxf4 22.Bxf4 Rxf4
23.Nc5 Qf6 24.Nd3 Rbxc4 25.bxc4 Rxc4 26.Rf1 Qe7 27.Ne5 Rc3 28.Rf7 Qe8 29.Qg4 Qxf7
30.Nxf7 Kxf7 31.Qh5+  1-0

[Event "CZE-chT 9798"]
[Site "CZE"]
[Date "1998.04.05"]
[Round "11"]
[White "Antoniewski, Rafal"]
[Black "Haba, Petr"]
[Result "0-1"]
[WhiteElo "2435"]
[BlackElo "2570"]

1.e4 c5 2.Nf3 e6 3.d4 cxd4 4.Nxd4 Nc6 5.Nc3 Qc7 6.Be2 a6 7.Be3 Nf6 8.a3 b5
9.f4 Bb7 10.O-O Bc5 11.Qd3 b4 12.e5 bxc3 13.exf6 cxb2 14.Rab1 Nxd4 15.Bxd4 Qb6
16.Bxc5 Qxc5+ 17.Kh1 gxf6 18.Rxb2 Qd5 19.Qg3 Bc6 20.Rd1 Qc5 21.Bf3 Ke7 22.Bxc6 Qxc6
23.Qd3 Rab8 24.Rxb8 Rxb8 25.h3 Rb2 26.Rd2 h5 27.Kh2 h4 28.a4 Qxa4 29.Qd6+ Ke8
30.Rd4 Qc6 31.Qxc6 dxc6 32.Rc4 f5 33.Rxc6 a5 34.g4 hxg3+ 35.Kxg3 a4 36.Ra6 Rb4
37.Ra7 Rc4 38.Kh4 Kf8 39.Kg5 Kg7 40.h4 Rxc2 41.Rxa4 Rg2+ 42.Kh5 Rg4 43.Rb4 Kf6  0-1

[Event "FRA-chT"]
[Site "FRA"]
[Date "1998.04.05"]
[Round "7"]
[White "Hamdouchi, Hichem"]
[Black "Beikert, Guenther"]
[Result "1/2-1/2"]
[WhiteElo "2535"]
[BlackElo "2495"]

1.e4 c5 2.Nf3 e6 3.d4 cxd4 4.Nxd4 Nc6 5.Nc3 Qc7 6.g3 a6 7.Bg2 d6 8.O-O Bd7
9.a4 Nf6 10.Kh1 Be7 11.f4 Nxd4 12.Qxd4 O-O 13.Qd3 Rac8 14.Be3 Ng4 15.Bg1 f5
16.exf5 Rxf5 17.Rae1 Nf6 18.h3 Rh5 19.Bh2 Rc5 20.g4 Bf8 21.Bg1 Rc4 22.f5 exf5
23.Nd5 Nxd5 24.Bxd5+ Kh8 25.Bxc4 Qxc4 26.Qxc4 Rxc4 27.c3 Rxa4 28.Bd4 Ra5
29.b4 Rb5 30.Kh2 Kg8 31.gxf5 Rxf5 32.Rxf5 Bxf5 33.Re8 Kf7 34.Rb8 Be4 35.Rc8 Be7
36.Kg3 g6 37.Kf4 Bf5 38.Rb8 Bxh3 39.Rxb7 Bf1 40.Rc7 Ke6 41.c4 g5+ 42.Ke3 h5
43.Kf2 Bd3 44.Ke3 Bf1 45.Kf2 Bd3 46.Ke3  1/2-1/2

[Event "FRA-chT"]
[Site "FRA"]
[Date "1998.04.05"]
[Round "7"]
[White "Nataf, Igor Alexandre"]
[Black "Borne, Niels"]
[Result "1/2-1/2"]
[WhiteElo "2485"]
[BlackElo "2305"]

1.e4 c5 2.Nf3 e6 3.d4 cxd4 4.Nxd4 Nc6 5.Nc3 a6 6.Be2 Nge7 7.Nb3 d6 8.Bg5 Qc7
9.Qd2 Ng6 10.O-O b5 11.a4 b4 12.Na2 Rb8 13.Rac1 h6 14.Be3 Be7 15.c3 Na5 16.Nxa5 Qxa5
17.Nxb4 Bb7 18.Nxa6 Bxa6 19.b4 Qxa4 20.Ra1 Qc6 21.Rxa6 Qxe4 22.Bd3 Qd5 23.c4 Qh5
24.f4 Nh4 25.h3 Nf5 26.Bf2 Qg6 27.Ra7 Qf6 28.c5 O-O 29.c6 d5 30.b5 Nd6 31.b6 Nc8
32.Ra6 Bd6 33.g3 d4 34.Kg2 e5 35.fxe5 Qxe5 36.Ra5 Qe7 37.Re1 Bb4 38.Bh7+ Kh8
39.Rxe7 Bxd2 40.Ra2 Bb4 41.Rb7 Nd6 42.Rxb8 Rxb8 43.c7 Rxb6 44.Bxd4 Rc6 45.Bd3 Rxc7
46.Rb2 Rb7 47.Ba6 Rb8 48.Bf1 Rb7 49.Ba6 Rb8 50.Bf1 Rb7 51.Ba6  1/2-1/2

[Event "Metz op"]
[Site "Metz"]
[Date "1998.04.07"]
[Round "3"]
[White "Palac, Mladen"]
[Black "Berend, Fred"]
[Result "1-0"]
[WhiteElo "2545"]
[BlackElo "2350"]

1.e4 c5 2.Nf3 e6 3.d4 cxd4 4.Nxd4 Nc6 5.Nc3 a6 6.Be2 d6 7.Be3 Nf6 8.f4 Be7
9.a4 Bd7 10.Nb3 Nb4 11.Bf3 Bc6 12.a5 d5 13.e5 Nd7 14.O-O O-O 15.Qd2 b6 16.Qf2 Rb8
17.Rfc1 Ba8 18.Ne2 bxa5 19.Ned4 a4 20.Rxa4 Nb6 21.Raa1 Nc4 22.Qe2 Nxe3 23.Qxe3 Qb6
24.Be2 Bb7 25.Na5 Bc5 26.Nab3 Be7 27.Na5 Rfc8 28.c3 Bc5 29.Nxb7 Nc2 30.Rxc2 Bxd4
31.Qxd4 Qxd4+ 32.cxd4 Rxc2 33.Bxa6 Rxb2 34.Rc1 g5 35.Nc5 gxf4 36.Rf1 Rb1
37.Kf2 R8b2+ 38.Kf3 Rxf1+ 39.Bxf1 Rb4 40.Kxf4 Rxd4+  1-0

[Event "Budapest FS04 IM"]
[Site "Budapest"]
[Date "1998.04.08"]
[Round "5"]
[White "Cooke, Eric"]
[Black "Senff, Martin"]
[Result "1/2-1/2"]
[WhiteElo "2265"]
[BlackElo "2430"]

1.e4 c5 2.Nf3 Nc6 3.Nc3 e6 4.d4 cxd4 5.Nxd4 Nf6 6.Bg5 d6 7.Qd2 a6 8.O-O-O Bd7
9.f4 b5 10.Nxc6 Bxc6 11.Bd3 h6 12.Bh4 Be7 13.e5 dxe5 14.fxe5 Nd7 15.Bxe7 Qxe7
16.Rhe1 Qg5 17.Kb1 Qxd2 18.Rxd2 Ke7 19.a3 Rhd8 20.Rf2 Rac8 21.g3 Rc7 22.Re3 Nc5
23.Be4 Bxe4 24.Nxe4 Rd1+ 25.Ka2 Nd7 26.Nc3 Rd4 27.b3 Rc5 28.Rfe2 h5 29.Kb2 h4
30.Na2 hxg3 31.hxg3 a5 32.Nc1 Rc8 33.Nd3 Nc5 34.Nxc5 Rxc5 35.c3 Rg4 36.b4 axb4
37.cxb4 Rd5 38.Rc2 Rg5 39.Rc7+ Ke8 40.Rf3 Rf5 41.Rxf5 exf5 42.e6 fxe6 43.Rxg7 e5
44.g4 f4 45.Rg5 Rd2+ 46.Kb3 Re2 47.Rf5 Ke7 48.a4 Re3+ 49.Ka2 Re2+ 50.Ka3 Re3+
51.Ka2 bxa4 52.g5 Kd6 53.Rf6+ Kc7 54.g6 Rg3 55.Re6 Rg5 56.g7 Rxg7 57.Rxe5 Rg3
58.Rf5 Rf3 59.b5 Kb6 60.Kb2 Ka5 61.Ka2 a3 62.Ka1 Rf2 63.Kb1 a2+ 64.Ka1 Kb6
65.Rh5 f3 66.Rf5 Ka5 67.b6+ Kxb6 68.Rb5+  1/2-1/2